Las últimas mudanzas /
Guardado en:
| Autor Principal: | |
|---|---|
| Formato: | Libro |
| Publicado: |
Bahía Blanca :
Vox,
2001
|
| Materias: | |
| Etiquetas: |
Agregar Etiqueta
Sin Etiquetas, Sea el primero en etiquetar este registro!
|
| LEADER | 00520nam a22001815a 4500 | ||
|---|---|---|---|
| 001 | CEM.cems010865 | ||
| 005 | 20130806151739.0 | ||
| 008 | 130507s2001##################000#0#####d | ||
| 003 | CEMS | ||
| 082 | 0 | 4 | |a SG |
| 100 | 1 | |a Wittner, Laura | |
| 245 | 1 | 0 | |a Las últimas mudanzas / |c Laura Wittner |
| 260 | |a Bahía Blanca : |b Vox, |c 2001 | ||
| 300 | |a 46 p. | ||
| 653 | |a Bahia blanca-literatura | ||
| 653 | |a Literatura | ||
| 653 | |a Poesias argentinas siglo 21 | ||
| 859 | |a CEMS |b BIB. CEMS - 11 de abril |h SG |i A861.4 |p 21512.01 |t Ej.1 |v W787 |3 W787 | ||
